000 00408nam a2200121Ia 4500
008 230907s9999||||xx |||||||||||||| ||und||
082 _a660.2842
_bGEA,
100 _aGeankoplis, Christie J.
_9115336
245 0 _aTransport processes and separation process principles :
260 _aPrentice Hall Professional Technical Reference,
_bUpper Saddle River, NJ :
_c2003
300 _axiii, 1026 p. :
942 _cBK
999 _c598153
_d598153